000
00352 a2200169 4500
001
195285
020
_a
978-85-08-11333-0
040
_c
Magnum
100
_a
Junqueira, Sonia
240
1
0
_a
O peru de peruca
_l
245
1
0
_a
O peru de peruca
300
_a
24
362
0
_a
2007
440
1
_a
Ática
697
_a
LITERATURA INFANTIL
942
_c
BK
999
_c
195285
_d
195285